Impact of art earns wider appreciation (Record no. 75411)

MARC details
000 -LEADER
fixed length control field 01322cab a2200181 4500
001 - CONTROL NUMBER
control field L130039
008 - FIXED-LENGTH DATA ELEMENTS--GENERAL INFORMATION
fixed length control field 050617n2005 000 0 eng u
035 ## - SYSTEM CONTROL NUMBER
System control number (Sirsi) u130039
041 ## - LANGUAGE CODE
Language code of text/sound track or separate title eng
100 ## - MAIN ENTRY--PERSONAL NAME
Personal name Gillman, Susanna
245 ## - TITLE STATEMENT
Title Impact of art earns wider appreciation
260 ## - PUBLICATION, DISTRIBUTION, ETC.
Date of publication, distribution, etc. 2005
490 ## - SERIES STATEMENT
Series statement Planning (for the Natural and Built Environment)
Volume/sequential designation (1623) 10 June 2005, 14-15(2)
520 ## - SUMMARY, ETC.
Summary, etc. Discusses how the installation of artworks in buildings and public spaces as part of major schemes can benefit developers as well as local communities. Artists should be involved from the start of a project to create lasting value. Refers to the PROJECT awards, a national funding scheme set up in 2004 to create a shared vision of public space and high-quality urban design, which engages artists in the built environment. Looks at other current sources of funding for public artworks including the Percent for Art policy. Highlights Art at the Centre in Reading, where artists have been given a prominent role in the city's regeneration process. Concludes that developers should not see the provision of artworks as an additional levy but integral to the design process with costs being brought in at the beginning of projects.
590 ## - LOCAL NOTE (RLIN)
Local note IKA210605
690 ## - LOCAL SUBJECT ADDED ENTRY--TOPICAL TERM (OCLC, RLIN)
Topical term or geographic name as entry element Planning and development
9 (RLIN) 6259
942 ## - ADDED ENTRY ELEMENTS (KOHA)
Suppress in OPAC 0
Holdings
Withdrawn status Lost status Source of classification or shelving scheme Damaged status Not for loan Home library Current library Shelving location Date acquired Total Checkouts Full call number Barcode Date last seen Copy number Price effective from Koha item type
    Dewey Decimal Classification     London London Journal article 17/06/2005   L130039 130039-1001 06/08/2019 1 06/08/2019 Journal article